00383nam a22001337a 450000500170000000800410001704100230005808200130008110000230009424500400011726000370015730000300019465000250022420240829103545.0240829b |||||||| |||| 00| 0 eng d aEnglish/Afrikaans  a349 LAW  lEnglish/Afrikaans  aThe Laws of South West Africa 1939  aWindhoek: bBy Authority, c1939 bxlix, 911 pages; c26 cm. aLegal practice bLaw